[Event "SRI-ch"]
[Site "Colombo"]
[Date "2020.09.20"]
[Round "10"]
[White "Amarasinghe, AACB"]
[Black "Annurudha, GC."]
[Result "0-1"]
[WhiteElo "1933"]
[BlackElo "2059"]
[PlyCount "198"]
[EventDate "2020.09.11"]
[EventType "tourn"]
[EventRounds "13"]
[EventCountry "SRI"]
[SourceTitle "CBM 198 Extra"]
[Source "ChessBase"]
[SourceDate "2020.11.30"]
[SourceVersion "1"]
[SourceVersionDate "2020.11.30"]
[SourceQuality "1"]

1. e4 d6 2. d4 g6 3. Nf3 Bg7 4. Be2 Nc6 5. d5 Nb8 6. 0-0 e5 7. dxe6 Bxe6 8. Nd4 Bd7 9. Nc3 Nc6 10. Be3 Nf6 11. f4 0-0 12. Bf3 Re8 13. Qd3 Qc8 14. Rae1 a6 15. a3 Na7 16. Nd5 Nxd5 17. exd5 Nb5 18. c3 Qd8 19. Ne2 Na7 20. Ng3 f5 21. Nh1 Nc8 22. Nf2 Nb6 23. Bxb6 cxb6 24. Rxe8+ Qxe8 25. Qd2 Qf7 26. Qe3 Bb5 27. Rd1 Qc7 28. Nh3 Re8 29. Qf2 h6 30. g4 Qc5 31. Kg2 Bc4 32. Qxc5 bxc5 33. Kf2 b5 34. gxf5 gxf5 35. Ng1 Bf6 36. Ne2 Bh4+ 37. Ng3 Kg7 38. Re1 Rxe1 39. Kxe1 Kg6 40. Kd2 Bxg3 41. hxg3 Bb3 42. Ke3 Kf6 43. Kd2 Ke7 44. Ke3 a5 45. Bg2 Kf6 46. Bf3 Kg6 47. Kf2 Bc2 48. Ke3 h5 49. Be2 c4 50. Kd4 a4 51. Bf3 Bd3 52. Bd1 Be4 53. Be2 Bg2 54. Bxc4 bxc4 55. Kxc4 Kf6 56. Kb5 Ke7 57. Kxa4 Bxd5 58. Kb5 Kd7 59. c4 Be4 60. Kb6 Bd3 61. b3 Bc2 62. b4 Bb3 63. Kb5 Kc7 64. a4 Bd1 65. a5 Be2 66. Ka4 Bxc4 67. b5 Kb7 68. Kb4 Bf1 69. Ka4 d5 70. Kb4 d4 71. b6 Kc6 72. Kb3 Ba6 73. Kb4 Kd5 74. Kb3 Kc5 75. Kc2 Kb4 76. Kd2 Kxa5 77. b7 Bxb7 78. Kd3 Bf3 79. Kxd4 Kb4 80. Ke5 Bg4 81. Kf6 Kc3 82. Kg5 Kd4 83. Kh4 Ke3 84. Kg5 Kf2 85. Kf6 Kxg3 86. Ke5 h4 87. Kf6 Kxf4 88. Ke6 Kg3 89. Kd5 f4 90. Kd4 h3 91. Ke5 f3 92. Kd4 f2 93. Ke5 h2 94. Kd4 f1Q 95. Ke5 h1Q 96. Kd4 Qd1+ 97. Kc5 Qhd5+ 98. Kb6 Q1b3+ 99. Kc7 Qbb7# 0-1

[Event "SRI-ch"]
[Site "Colombo"]
[Date "2020.09.19"]
[Round "8"]
[White "Weerawardane, Romesh"]
[Black "Annurudha, GC."]
[Result "1-0"]
[WhiteElo "1995"]
[BlackElo "2059"]
[PlyCount "47"]
[EventDate "2020.09.11"]
[EventType "tourn"]
[EventRounds "13"]
[EventCountry "SRI"]
[SourceTitle "CBM 198 Extra"]
[Source "ChessBase"]
[SourceDate "2020.11.30"]
[SourceVersion "1"]
[SourceVersionDate "2020.11.30"]
[SourceQuality "1"]

1. e4 d6 2. d4 Nf6 3. Nc3 g6 4. f3 Bg7 5. Be3 c6 6. Qd2 Nbd7 7. 0-0-0 Qc7 8. h4 h5 9. Nh3 b5 10. Kb1 a6 11. Ng5 Bb7 12. Ne2 e5 13. g3 d5 14. Bh3 dxe4 15. dxe5 Nxe5 16. Bc5 Nd5 17. fxe4 Nc4 18. Qe1 Ndb6 19. Qf2 Bc8 20. Bd7+ Qxd7 21. Rxd7 Bxd7 22. Qxf7+ Kd8 23. Qxg7 Re8 24. b3 1-0

[Event "SRI-ch"]
[Site "Colombo"]
[Date "2020.09.13"]
[Round "5"]
[White "Bandara, Dhanushka"]
[Black "Annurudha, GC."]
[Result "0-1"]
[WhiteElo "1879"]
[BlackElo "2059"]
[PlyCount "58"]
[EventDate "2020.09.11"]
[EventType "tourn"]
[EventRounds "13"]
[EventCountry "SRI"]
[SourceTitle "CBM 198 Extra"]
[Source "ChessBase"]
[SourceDate "2020.11.30"]
[SourceVersion "1"]
[SourceVersionDate "2020.11.30"]
[SourceQuality "1"]

1. d4 Nf6 2. Bf4 d6 3. Nc3 Nbd7 4. e4 e5 5. Bg5 c6 6. Nf3 h6 7. Bh4 Qa5 8. Qd2 Be7 9. a3 Nf8 10. Bc4 g5 11. Bg3 Ng6 12. h4 g4 13. h5 Nf8 14. dxe5 gxf3 15. exf6 fxg2 16. Rg1 Bxf6 17. Bxd6 Be6 18. Bxe6 Nxe6 19. e5 Bg5 20. Qd3 0-0-0 21. Qh3 Rhe8 22. b4 Qb6 23. Rd1 Rd7 24. Ne4 Qb5 25. Qd3 Qb6 26. Qh3 Qb5 27. Qd3 Qxd3 28. cxd3 f5 29. Nc5 Rxd6 0-1

[Event "Asia Cities-ch 18th"]
[Site "Tagaytay City"]
[Date "2013.10.24"]
[Round "7.1"]
[White "Annurudha, GC."]
[Black "Faisal, Abdulla Kashwani"]
[Result "1-0"]
[WhiteElo "2175"]
[BlackElo "2264"]
[PlyCount "73"]
[EventDate "2013.10.20"]
[EventType "team-swiss"]
[EventRounds "9"]
[EventCountry "PHI"]
[SourceTitle "EXT 2014"]
[Source "ChessBase"]
[SourceDate "2013.11.20"]
[SourceVersion "1"]
[SourceVersionDate "2013.11.20"]
[SourceQuality "1"]
[WhiteTeam "Colombo"]
[BlackTeam "Abu Dhabi"]
[WhiteTeamCountry "SRI"]
[BlackTeamCountry "UAE"]

1. d4 Nf6 2. Nf3 e6 3. e3 b6 4. Bd3 Bb7 5. Nbd2 c5 6. 0-0 g6 7. b3 Bg7 8. Bb2 0-0 9. Rc1 cxd4 10. exd4 Nc6 11. c4 d5 12. c5 Nh5 13. Bb5 Rc8 14. Re1 bxc5 15. Rxc5 Nxd4 16. Bxd4 Bxd4 17. Rxc8 Bxf2+ 18. Kxf2 Qb6+ 19. Re3 Rxc8 20. Bf1 f5 21. g3 f4 22. gxf4 Nxf4 23. Qe1 Rc2 24. Kg1 Rxa2 25. Qf2 Qb4 26. Qh4 Rxd2 27. Qd8+ Kg7 28. Nxd2 Qd4 29. Qc7+ Kf6 30. Qc3 Qxc3 31. Rxc3 d4 32. Rc7 Bd5 33. Bc4 Nh3+ 34. Kf1 Bh1 35. Rxh7 Nf4 36. Rxa7 e5 37. Rd7 1-0

[Event "Asia Cities-ch 18th"]
[Site "Tagaytay City"]
[Date "2013.10.21"]
[Round "2.2"]
[White "Annurudha, GC."]
[Black "Sivakumar, Ashvin"]
[Result "1-0"]
[WhiteElo "2175"]
[BlackElo "1797"]
[PlyCount "161"]
[EventDate "2013.10.20"]
[EventType "team-swiss"]
[EventRounds "9"]
[EventCountry "PHI"]
[SourceTitle "EXT 2014"]
[Source "ChessBase"]
[SourceDate "2013.11.20"]
[SourceVersion "1"]
[SourceVersionDate "2013.11.20"]
[SourceQuality "1"]
[WhiteTeam "Colombo"]
[BlackTeam "Singapore"]
[WhiteTeamCountry "SRI"]
[BlackTeamCountry "SIN"]

1. Nf3 Nf6 2. d4 g6 3. b3 Bg7 4. Bb2 d6 5. Nbd2 0-0 6. g3 Nbd7 7. Bg2 Re8 8. Nc4 c6 9. 0-0 Qc7 10. a4 b6 11. Re1 Ba6 12. e4 Bxc4 13. bxc4 e5 14. dxe5 dxe5 15. Qe2 Nc5 16. Nd2 Rad8 17. Nb3 Nfd7 18. Qe3 Ne6 19. a5 Ndc5 20. axb6 axb6 21. Nxc5 Nxc5 22. Ra3 Qd6 23. Rea1 Qd2 24. Qc3 Bf6 25. Ra7 Rd4 26. Qf3 Rd6 27. Qc3 Rd4 28. Qf3 Rd6 29. Rc1 b5 30. cxb5 cxb5 31. h4 Re7 32. Ra8+ Kg7 33. Qc3 Rc7 34. Qxd2 Rxd2 35. Bc3 Rdd7 36. Ba5 Rc6 37. Rb1 Nb7 38. Ra7 Nc5 39. Rxd7 Nxd7 40. c3 g5 41. hxg5 Bxg5 42. Rxb5 Nc5 43. c4 Ne6 44. Bf1 Bf6 45. Kg2 Nd4 46. Rd5 Ne6 47. Bb4 Rb6 48. Bd6 Ng5 49. Bd3 Rb3 50. c5 Ne6 51. Bc2 Rc3 52. Bd1 Rc1 53. Bg4 Ng5 54. Bf5 Rc4 55. Bxe5 Nxe4 56. c6 Bxe5 57. Rxe5 Nd6 58. Bd7 Kf6 59. Rh5 Rc2 60. Rh6+ Ke7 61. Rh4 Nc4 62. Re4+ Kd6 63. Rd4+ Kc7 64. Rf4 Ne5 65. Rf5 Rc5 66. Be8 Kd6 67. f4 Rc2+ 68. Kh3 Nxc6 69. Rf6+ Kd5 70. Rxf7 Rc1 71. Bxc6+ Kxc6 72. Kg4 Rh1 73. Rf5 Rd1 74. Rf6+ Kd5 75. Rh6 Ra1 76. Rxh7 Ke6 77. f5+ Kf6 78. Rh6+ Kg7 79. Kg5 Ra5 80. g4 Ra4 81. Rb6 1-0